00193nam a2200085Ia 4500008004100000082001600041245003200057260000900089650000900098221030s9999 xx 000 0 und d a105.23bMBA 0aInternational MarketingbCD c2005 aBook